01288nam0a22002651 4500001001100000005001700011021001900028035002600047100004100073101001300114102000700127105001800134200022000152210005800372215004000430300014700470320005100617513004000668606010500708702003000813702012000843801001800963801002200981852001901003rc\486895120250613023249.0 aRUb[60-49741] a(NLR Aleph) 008909507 a20130426d1960 |||y0rusy50 ca1 arusceng aRU aa z |||||1 aНаучное использование искусственных спутников ЗемлиeСборник статейfПер. с англ. О.П. Крамер и Г.С. Иванова-Холодного aМоскваcИзд-во иностр. лит.d1960 a401 с., 1 л. черт.cил.d21 aДоп. тит. л.: Scientific uses of Earth satellites. 2 d rev. ed. Ed. by James A. Van Allen. Ann Arbor, The univ. of Michigan press, 1958 aБиблиогр. в конце статей0 aScientific uses of Earth satellites aИскусственные спутники ЗемлиxНаблюденияjСборники2psbo 1aКрамерbО.П.4730 147307ca8rusaИванов-ХолодныйbГ. С.f1928-2016gГор Семенович3RU\NLR\AUTH\770230012 0aRUbNLRgpsbo 1aRUbELAR2rusmarc aNLRj60-3/3422